| Registos Bibliográficos associados ao registo de autoridade |
|
Etiqueta de registo: 00254nam 2200025 450 001 2271640 003 http://id.bnportugal.gov.pt/bib/catbnp/2271640 010 ## $a9789725411551 021 ## $aPT$b554889/25 100 ## $a20260225d2025 m y0pory01030103ba 101 1# $apor$cspa 102 ## $aPT 105 ## $ay j 000yy 106 ## $ar 200 1# $a O direito canónico na história - fontes, ciência e instituições $fNicolás Álvarez de las Asturias, Joaquín Sedano$gtrad. Afonso Virtuoso$grev. cientifica Faculdade de Teologia da Universidade Católica Portuguesa 210 #9 $aLisboa$cUCP Editora,$d2025 215 ## $a342 p.$d23 cm 225 2# $aEstudos teológicos$v35 606 ## $aDireito canónico$xHistória$j[Manuais de ensino superior]$2SIPOR$31990813 675 ## $a27-74-9(075.8)$vBN$zpor$31990156 700 #1 $aÁlvarez de las Asturias,$bNicolás,$f1972-$31883062 701 #1 $aSedano,$bJoaquín$4070$31987354 702 #1 $aVirtuoso,$bAfonso$4730$31973240 712 02 $aUniversidade Católica Portuguesa.$bFaculdade de Teologia$4695$3376076 801 #0 $aPT$bBN$gRPC 856 41 $uhttp://rnod.bnportugal.gov.pt/ImagesBN/winlibimg.aspx?skey=&doc=2271640&img=220634&save=true 900 ## $aBIBNAC$d20260331 966 ## $lBN$mFGMON$sR. 33434 V.$x1 966 ## $lBN$mFGMON$sR. 33434 V.-D$x1 972 ## $e0$z0$d20260331$vlrevez 973 ## $csteixeira$d20260309 974 ## $e0$d20260319$vaalmeid
|
|
|